• 首页
  • 本馆介绍
  • 公告通知
  • 最新文献
  • 馆藏检索
  • 电子资源
  • 读者导购
  • 参考咨询
  • 我的图书馆
  • 登录
  • 详细信息显示
  • 放入我的书架
  • 预约/预借图书
  • 作者相关作品
  • 分类相关作品
  • 丛书相关作品
  • 出版社相关作品

书目信息

  • 表格格式
  • 工作单格式
  • 卡片格式
题名:
列宁论教育
    
 
作者: ;上海师范大学教育系 编
分册:  
出版信息: 北京   人民教育出版社  1979.03
页数: 366页
开本: 21cm
丛书名:
单 册:
中图分类: A267
科图分类:
主题词: 列宁著作--专题汇编
电子资源:
ISBN:
000 00586nam0 2200205 45
001 0181023514
005 20060815153316.54
010    @dCNY0.67
091    @a1012.03
100    @a20810111d km y0chiy0120 ea
101 0  @achi@crus
200 1  @a列宁论教育@ALIE NING LUN JIAO YU@f上海师范大学教育系编@FShang Hai Shi Fan Da Xue Jiao Yu Xi Bian
210    @a北京@c人民教育出版社@d1979.03
215    @a366页@d21cm
300    @a书后附注释
606 0  @a列宁著作@x专题汇编
690    @aA267@v3
711 02 @a上海师范大学教育系@4编
801    @aCN@bTSTC@c20060815
905    @dA267@e7@f1@b54940
    
    列宁论教育/上海师范大学教育系编.-北京:人民教育出版社,1979.03
    366页;21cm
    书后附注释
    
    ISBN :CNY0.67
    
●
相关链接 在E读中查询图书 在五车中查询图书 在当当中查询图书 在豆瓣中查询图书


正题名:列宁论教育     索取号:A267/7         预约/预借

序号 登录号 条形码 馆藏地/架位号 状态 备注
1 0032968   001523453   密集书库/ [索取号:A267/7] 在馆    
2 0032969   001523505   密集书库/ [索取号:A267/7] 在馆    
3 0054926   000951991   第一借阅区/ [索取号:A267/7] 在馆    
4 0054928   001625218   密集书库/ [索取号:A267/7] 在馆    
5 0054929   001523471   密集书库/ [索取号:A267/7] 在馆    
6 0054930   001523462   密集书库/ [索取号:A267/7] 在馆    
7 0054931   202262835   密集书库/ [索取号:A267/7] 在馆    
8 0054932   202262862   密集书库/ [索取号:A267/7] 在馆    
9 0054933   001523408   密集书库/ [索取号:A267/7] 在馆    
10 0054934   001523514   密集书库/ [索取号:A267/7] 在馆    
11 0054935   001523499   密集书库/ [索取号:A267/7] 在馆    
12 0054936   001523523   密集书库/ [索取号:A267/7] 在馆    
13 0054937   001523480   密集书库/ [索取号:A267/7] 在馆    
14 0054938   001523444   密集书库/ [索取号:A267/7] 在馆    
15 0054939   002045600   第一样本阅览室/ [索取号:A267/7] 在馆    
16 0054940   001973387   第一借阅区/ [索取号:A267/7] 在馆    
17 0229245   001783500   密集书库/ [索取号:A267/7] 在馆    
18 0229246   001783582   密集书库/ [索取号:A267/7] 在馆    
19 0229247   001783546   密集书库/ [索取号:A267/7] 在馆    
20 0421442   204214420   密集书库/ [索取号:A267/7] 在馆    
21 0421443   204214439   密集书库/ [索取号:A267/7] 在馆    
22 0424897   204248974   密集书库/ [索取号:A267/7] 在馆    
23 0439837   204398375   密集书库/ [索取号:A267/7] 在馆    
24 0439838   204398384   密集书库/ [索取号:A267/7] 在馆    
25 0439839   204398393   密集书库/ [索取号:A267/7] 在馆    
26 0460309   204603090   密集书库/ [索取号:A267/7] 在馆    
唐山师范学院图书馆 欢迎您!
大连网信软件有限公司© 版权所有